000
00332nam a2200145Ia 4500
008
230718s9999 xx 000 0 und d
041
_a
Eng.
082
_a
390
_b
GOR-J
100
_a
Gordom Q.C. Richard
245
0
_a
Jadivial Review
260
_a
Pakistan
_b
Sweet and Mawell
_c
1996
300
_a
305
650
_a
Law
999
_c
28612
_d
28612